000 00636nam a22002297a 4500
001 37594
003 BD-RjUL
005 20211209052627.0
008 150128s2003 ii a|||| |||| 000 0 eng d
035 _a(BD-RjUL)
040 _aBD-RjUL
_beng
_cBD-RjUL
041 _aeng
082 _a660.6
_bMIH 2003
100 _aMitra, B. L.
_9115522
245 _aHand book of biotechnology /
_cB. L. Mitra
250 _a1st ed.
260 _aChandigarh :
_bAbhishek Pulications,
_c2003
300 _a320 p.:
_bIll. ;
_c24 cm.
650 _aBiotechnology
_vHandbooks, manuals, etc.
_9115523
650 _aBiotechnology
_9115163
942 _2ddc
_cBK
999 _c37594
_d37594